Le christianisme dans l'age moderne (Record no. 48191)

MARC details
000 -LEADER
campo de control de longitud fija 00516nam a22001695i 4500
001 - NÚMERO DE CONTROL
campo de control 48191
003 - IDENTIFICADOR DE NÚMERO DE CONTROL
campo de control ES-MaACL
005 - FECHA Y HORA DE LA ÚLTIMA TRANSACCIÓN
campo de control 20230906161718.0
007 - CAMPO FIJO DE DESCRIPCIÓN FÍSICA--INFORMACIÓN GENERAL
campo de control de longitud fija t|
008 - DATOS DE LONGITUD FIJA--INFORMACIÓN GENERAL
campo de control de longitud fija 950706s1864 sz ||||1| fre d
040 ## - FUENTE DE CATALOGACIÓN
Centro catalogador/agencia de origen CAM
Lengua de catalogación spa
Centro/agencia transcriptor CAM
100 1# - ENTRADA PRINCIPAL--NOMBRE DE PERSONA
Nombre de persona Chastel, Etienne.
9 (RLIN) 38169
245 13 - MENCIÓN DEL TÍTULO
Título Le christianisme dans l'age moderne
Resto del título : 1520-1800 /
Mención de responsabilidad, etc. par Etienne Chastel.
260 ## - PUBLICACIÓN, DISTRIBUCIÓN, ETC.
Lugar de publicación, distribución, etc. Paris :
Nombre del editor, distribuidor, etc. chez Joël Cherbuliez,
Fecha de publicación, distribución, etc. 1864 (
Lugar de fabricación/manufactura Geneve :
Fabricante Imprimerie Bonnant)
300 ## - DESCRIPCIÓN FÍSICA
Extensión IX, 351 p. ;
Dimensiones 17 cm.
852 ## - LOCALIZACIÓN
Ubicación ES-MaACL
Número de control de estantería D-1058
Holdings
Estatus retirado Estado de pérdida Estado de daño No para préstamo Colección Biblioteca de origen Biblioteca actual Ubicación en estantería Fecha de adquisición Fuente de adquisición Total de préstamos Signatura topográfica completa Código de barras Visto por última vez Precio de reemplazo Tipo de ítem Koha
        Libros del s. XIX Biblioteca del Ateneo de Madrid Biblioteca del Ateneo de Madrid Sala Valle Inclán 17/01/2008     D-1058 901050717 23/02/2023 23/02/2023 Libro impreso antiguo